|
|
|
|
| LEADER |
00730nam a22001817a 4500 |
| 082 |
|
|
|a 808.068
|b BHA/O
|
| 100 |
|
|
|a പി ടി ഭാസ്ക്കരപ്പണിക്കര്
|9 105034
|
| 100 |
|
|
|a P T Bhaskara Panicker
|9 105035
|
| 240 |
|
|
|a Odunna Yanthrangal
|
| 245 |
|
|
|a ഓടുന്ന യന്ത്രങ്ങള്
|
| 250 |
|
|
|a 1st
|
| 260 |
|
|
|a Trivandrum;
|b STEPS;
|
| 300 |
|
|
|a 16p.
|
| 650 |
|
|
|a മലയാളം; ബാലസാഹിത്യം
|9 105036
|
| 650 |
|
|
|a Malayalam; Children's Litereature
|9 104801
|
| 942 |
|
|
|c BK
|
| 999 |
|
|
|c 53765
|d 53765
|
| 952 |
|
|
|0 0
|1 0
|4 0
|6 808_068000000000000_BHA_O
|7 0
|8 CHIL
|9 63850
|a MAL
|b MAL
|d 2016-05-26
|e 32465
|g 2.50
|l 0
|o 808.068 BHA/O
|p MAL032465
|r 2016-05-26
|t 1
|w 2016-05-26
|y BK
|